|
|
|
|
| LEADER |
00647cam a2200193 7i4500 |
| 001 |
0000030600 |
| 005 |
20140218090000.0 |
| 020 |
0 |
0 |
|a 97800710801256
|
| 090 |
0 |
0 |
|a B 658.4092
|b MIC
|
| 100 |
1 |
0 |
|a Michelli
|
| 245 |
1 |
0 |
|a Leading the starbucks way :
|b 5 principles for connecting with your customers, your products and your people.
|
| 260 |
0 |
0 |
|a New York:
|b McGraw Hill Education,
|c 2013.
|
| 300 |
# |
# |
|a 286 p.
|
| 650 |
0 |
0 |
|a Success in business
|
| 650 |
0 |
0 |
|a Product management
|
| 650 |
0 |
0 |
|a Customer relations
|
| 650 |
0 |
0 |
|a Corporate culture
|
| 650 |
0 |
0 |
|a Starbucks Coffee Company --
|x Management
|
| 999 |
|
|
|a B000033853
|b Book
|c Book
|e Business Information Centre
|